ნორმალური ფორმატი
MARC ფორმატი
ჩანაწერი Personal Name
ჩანაწერთა რაოდენობა, რომელიც გამოყენებულია: 2
001 - CONTROL NUMBER
- control field: 11235
003 - CONTROL NUMBER IDENTIFIER
- control field: GE_BSU
005 - DATE AND TIME OF LATEST TRANSACTION
- control field: 20210412164743.0
008 - FIXED-LENGTH DATA ELEMENTS
- fixed length control field: 210412|| aca||aabn | a|a d
040 ## - CATALOGING SOURCE
- Original cataloging agency: GE_BSU
- Transcribing agency: GE_BSU
100 ## - HEADING--PERSONAL NAME
- Personal name: მელია, ლარისა
670 ## - SOURCE DATA FOUND
- Source citation: Work cat.: (GE_BSU)51759: მელია, ლარისა, სიმულტანური ოპერაციების ეფექტურობა სამეანო-გინეკოლოგიურ პრაქტიკაში = Efficiency Of Simultaneous Operations In Practice Oвstetrics And Gynecology /
